Statistics for Πρωτεύουσες του Κόσμου - Λ

Click here to take the quiz!

General Stats

  • This quiz has been taken 232 times
  • The average score is 8 of 12

Answer Stats

Λ% Correct
Λίμα
84%
Λουξεμβούργο
83%
Λισαβόνα
82%
Λευκωσία
77%
Λονδίνο
77%
Λιουμπλιάνα
67%
Λουζάκα
61%
Λομέ
56%
Λουάντα
55%
Λιλόνγκουε
51%
Λιμπρεβίλ
51%
Λα Πας
35%

Score Distribution

Percentile by Number Answered

Percent of People with Each Score

Your Score History

You have not taken this quiz